[Event "DVM U16w 2024"]
[Site "Neumünster GER"]
[Date "2024.12.27"]
[Round "2"]
[White "Czäczine, Paula"]
[Black "Scheiding, Sophia"]
[Result "1-0"]
[Termination "normal"]
[Board "3.1"]
[WhiteElo "1811"]
[BlackElo "1672"]
[WhiteClock "00:26:03"]
[BlackClock "01:08:35"]
[WhiteTeam "Chemnitzer SC Aufbau95"]
[BlackTeam "Meuselwitzer SV"]
[PlyCount "75"]
[WhiteFideId "16249305"]
[BlackFideId "16287010"]
[EventCountry "GER"]
[EventRounds "7"]
[EventType "team-swiss"]
[EventDate "2024.12.26"]

1. e4 {[%clk 01:30:57]} {[%emt 00:00:02]} e5 {[%clk 01:30:08]} {[%emt
00:00:53]} 2. Nf3 {[%clk 01:31:23]} {[%emt 00:00:04]} Nf6 {[%clk 01:30:34]}
{[%emt 00:00:05]} 3. Nxe5 {[%clk 01:31:46]} {[%emt 00:00:07]} d6 {[%clk
01:30:58]} {[%emt 00:00:05]} 4. Nf3 {[%clk 01:32:11]} {[%emt 00:00:04]} Nxe4
{[%clk 01:31:24]} {[%emt 00:00:06]} 5. Nc3 {[%clk 01:32:35]} {[%emt 00:00:06]}
Nxc3 {[%clk 01:31:47]} {[%emt 00:00:06]} 6. dxc3 {[%clk 01:32:58]} {[%emt
00:00:08]} Be7 {[%clk 01:32:07]} {[%emt 00:00:09]} 7. Be3 {[%clk 01:33:16]}
{[%emt 00:00:12]} Nc6 {[%clk 01:32:23]} {[%emt 00:00:14]} 8. Qd2 {[%clk
01:32:57]} {[%emt 00:00:49]} Be6 {[%clk 01:29:55]} {[%emt 00:02:58]} 9. O-O-O
{[%clk 01:27:24]} {[%emt 00:06:03]} O-O {[%clk 01:28:53]} {[%emt 00:01:32]} 10.
Kb1 {[%clk 01:26:53]} {[%emt 00:01:02]} a6 {[%clk 01:26:23]} {[%emt 00:03:00]}
11. Bd3 {[%clk 01:23:29]} {[%emt 00:03:53]} f6 {[%clk 01:23:33]} {[%emt
00:03:20]} 12. h4 {[%clk 01:21:29]} {[%emt 00:02:30]} Bf7 {[%clk 01:21:49]}
{[%emt 00:02:14]} 13. g4 {[%clk 01:16:54]} {[%emt 00:05:06]} Ne5 {[%clk
01:21:13]} {[%emt 00:01:06]} 14. Nxe5 {[%clk 01:13:26]} {[%emt 00:03:57]} dxe5
{[%clk 01:21:36]} {[%emt 00:00:07]} 15. Ka1 {[%clk 01:02:41]} {[%emt 00:11:14]}
Qe8 {[%clk 01:18:55]} {[%emt 00:03:11]} 16. c4 {[%clk 00:58:26]} {[%emt
00:04:46]} Rd8 {[%clk 01:17:29]} {[%emt 00:01:54]} 17. Qc3 {[%clk 00:57:35]}
{[%emt 00:01:23]} Bg6 {[%clk 01:15:23]} {[%emt 00:02:37]} 18. Bxg6 {[%clk
00:48:29]} {[%emt 00:09:35]} Rxd1+ {[%clk 01:15:44]} {[%emt 00:00:08]} 19. Rxd1
{[%clk 00:48:54]} {[%emt 00:00:06]} Qxg6 {[%clk 01:16:07]} {[%emt 00:00:07]}
20. f3 {[%clk 00:46:16]} {[%emt 00:03:08]} Qe8 {[%clk 01:15:27]} {[%emt
00:01:08]} 21. Qd3 {[%clk 00:35:01]} {[%emt 00:11:47]} Qc6 {[%clk 01:12:36]}
{[%emt 00:03:21]} 22. Qd5+ {[%clk 00:33:57]} {[%emt 00:01:34]} Qxd5 {[%clk
01:11:30]} {[%emt 00:01:36]} 23. cxd5 {[%clk 00:34:12]} {[%emt 00:00:15]} Rd8
{[%clk 01:11:26]} {[%emt 00:00:34]} 24. c4 {[%clk 00:33:26]} {[%emt 00:01:16]}
c6 {[%clk 01:10:13]} {[%emt 00:01:43]} 25. Kb1 {[%clk 00:32:17]} {[%emt
00:01:38]} Kf8 {[%clk 01:10:33]} {[%emt 00:00:11]} 26. Bb6 {[%clk 00:31:00]}
{[%emt 00:01:47]} Rd7 {[%clk 01:10:55]} {[%emt 00:00:08]} 27. Kc2 {[%clk
00:30:35]} {[%emt 00:00:55]} Kf7 {[%clk 01:10:39]} {[%emt 00:00:46]} 28. dxc6
{[%clk 00:27:59]} {[%emt 00:03:07]} Rxd1 {[%clk 01:09:27]} {[%emt 00:01:41]}
29. c7 {[%clk 00:28:10]} {[%emt 00:00:19]} Rd6 {[%clk 01:09:02]} {[%emt
00:00:54]} 30. c8=Q {[%clk 00:28:18]} {[%emt 00:00:23]} Rxb6 {[%clk 01:09:25]}
{[%emt 00:00:07]} 31. b3 {[%clk 00:26:33]} {[%emt 00:02:15]} g6 {[%clk
01:07:55]} {[%emt 00:01:59]} 32. Qh8 {[%clk 00:24:53]} {[%emt 00:02:10]} Bf8
{[%clk 01:07:27]} {[%emt 00:00:59]} 33. Qxh7+ {[%clk 00:25:09]} {[%emt
00:00:14]} Bg7 {[%clk 01:07:51]} {[%emt 00:00:05]} 34. h5 {[%clk 00:25:28]}
{[%emt 00:00:12]} gxh5 {[%clk 01:08:10]} {[%emt 00:00:11]} 35. gxh5 {[%clk
00:25:35]} {[%emt 00:00:22]} f5 {[%clk 01:08:21]} {[%emt 00:00:20]} 36. Qxf5+
{[%clk 00:25:45]} {[%emt 00:00:19]} Rf6 {[%clk 01:08:23]} {[%emt 00:00:29]} 37.
Qd7+ {[%clk 00:26:08]} {[%emt 00:00:07]} Kg8 {[%clk 01:08:35]} {[%emt
00:00:18]} 38. Qxb7 {[%clk 00:26:03]} {[%emt 00:00:35]} 1-0

[Event "DVM U16w 2024"]
[Site "Neumünster GER"]
[Date "2024.12.27"]
[Round "2"]
[White "Ignatova, Gabriela"]
[Black "Ottlik, Marie"]
[Result "0-1"]
[Termination "normal"]
[Board "3.2"]
[WhiteElo "1595"]
[BlackElo "1639"]
[WhiteClock "00:10:42"]
[BlackClock "00:08:13"]
[WhiteTeam "Meuselwitzer SV"]
[BlackTeam "Chemnitzer SC Aufbau95"]
[PlyCount "72"]
[WhiteFideId "34623698"]
[BlackFideId "16281730"]
[EventCountry "GER"]
[EventRounds "7"]
[EventType "team-swiss"]
[EventDate "2024.12.26"]

1. e4 {[%clk 01:30:56]} {[%emt 00:00:03]} c5 {[%clk 01:30:52]} {[%emt
00:00:09]} 2. c3 {[%clk 01:30:50]} {[%emt 00:00:36]} Nf6 {[%clk 01:30:51]}
{[%emt 00:00:32]} 3. e5 {[%clk 01:31:12]} {[%emt 00:00:08]} Nd5 {[%clk
01:31:02]} {[%emt 00:00:18]} 4. d4 {[%clk 01:31:06]} {[%emt 00:00:35]} e6
{[%clk 01:31:15]} {[%emt 00:00:17]} 5. Nf3 {[%clk 01:28:14]} {[%emt 00:03:22]}
d6 {[%clk 01:28:16]} {[%emt 00:03:30]} 6. Bc4 {[%clk 01:23:54]} {[%emt
00:04:49]} Be7 {[%clk 01:22:23]} {[%emt 00:06:23]} 7. O-O {[%clk 01:22:14]}
{[%emt 00:02:10]} O-O {[%clk 01:14:57]} {[%emt 00:07:57]} 8. Nbd2 {[%clk
01:19:03]} {[%emt 00:03:41]} Nc6 {[%clk 01:10:33]} {[%emt 00:04:54]} 9. Ne4
{[%clk 01:16:50]} {[%emt 00:02:43]} cxd4 {[%clk 01:06:54]} {[%emt 00:04:09]}
10. cxd4 {[%clk 01:14:53]} {[%emt 00:02:27]} Qc7 {[%clk 01:02:41]} {[%emt
00:04:40]} 11. exd6 {[%clk 01:12:19]} {[%emt 00:03:07]} Bxd6 {[%clk 01:02:44]}
{[%emt 00:00:27]} 12. Nxd6 {[%clk 01:12:24]} {[%emt 00:00:25]} Qxd6 {[%clk
01:02:51]} {[%emt 00:00:22]} 13. Re1 {[%clk 01:07:36]} {[%emt 00:05:19]} a6
{[%clk 00:55:40]} {[%emt 00:07:42]} 14. Bd3 {[%clk 00:56:39]} {[%emt 00:11:26]}
b5 {[%clk 00:48:42]} {[%emt 00:07:27]} 15. Ne5 {[%clk 00:44:15]} {[%emt
00:12:55]} Bb7 {[%clk 00:45:24]} {[%emt 00:03:48]} 16. Qg4 {[%clk 00:35:49]}
{[%emt 00:08:55]} Nf6 {[%clk 00:42:34]} {[%emt 00:03:21]} 17. Qh4 {[%clk
00:33:03]} {[%emt 00:03:15]} Qxd4 {[%clk 00:38:22]} {[%emt 00:04:43]} 18. Qxd4
{[%clk 00:31:32]} {[%emt 00:02:01]} Nxd4 {[%clk 00:38:27]} {[%emt 00:00:25]}
19. Be3 {[%clk 00:31:37]} {[%emt 00:00:24]} Rfd8 {[%clk 00:34:08]} {[%emt
00:04:46]} 20. Rad1 {[%clk 00:31:14]} {[%emt 00:00:55]} Nc6 {[%clk 00:31:58]}
{[%emt 00:02:37]} 21. Nxc6 {[%clk 00:29:50]} {[%emt 00:01:59]} Bxc6 {[%clk
00:31:59]} {[%emt 00:00:28]} 22. Rd2 {[%clk 00:29:23]} {[%emt 00:00:57]} Be4
{[%clk 00:21:57]} {[%emt 00:10:30]} 23. Bxe4 {[%clk 00:24:39]} {[%emt
00:05:16]} Nxe4 {[%clk 00:21:35]} {[%emt 00:00:53]} 24. Rc2 {[%clk 00:23:22]}
{[%emt 00:01:47]} Rac8 {[%clk 00:18:54]} {[%emt 00:03:11]} 25. Rxc8 {[%clk
00:21:48]} {[%emt 00:02:04]} Rxc8 {[%clk 00:19:08]} {[%emt 00:00:15]} 26. Kf1
{[%clk 00:22:12]} {[%emt 00:00:06]} Kf8 {[%clk 00:12:52]} {[%emt 00:06:41]} 27.
f3 {[%clk 00:18:34]} {[%emt 00:04:14]} Nf6 {[%clk 00:12:32]} {[%emt 00:00:47]}
28. Rc1 {[%clk 00:14:52]} {[%emt 00:04:14]} Rxc1+ {[%clk 00:12:28]} {[%emt
00:00:34]} 29. Bxc1 {[%clk 00:15:20]} {[%emt 00:00:02]} Ke7 {[%clk 00:12:44]}
{[%emt 00:00:15]} 30. Bf4 {[%clk 00:15:26]} {[%emt 00:00:23]} Nd5 {[%clk
00:12:33]} {[%emt 00:00:41]} 31. Be5 {[%clk 00:15:12]} {[%emt 00:00:44]} g6
{[%clk 00:10:44]} {[%emt 00:02:18]} 32. Ke2 {[%clk 00:14:57]} {[%emt 00:00:47]}
f6 {[%clk 00:09:46]} {[%emt 00:01:27]} 33. Bd4 {[%clk 00:14:09]} {[%emt
00:01:18]} Nf4+ {[%clk 00:08:52]} {[%emt 00:01:23]} 34. Kf2 {[%clk 00:13:25]}
{[%emt 00:01:15]} e5 {[%clk 00:08:43]} {[%emt 00:00:40]} 35. g3 {[%clk
00:10:45]} {[%emt 00:03:10]} Nh3+ {[%clk 00:07:51]} {[%emt 00:01:21]} 36. Kg2
{[%clk 00:10:42]} {[%emt 00:00:32]} exd4 {[%clk 00:08:13]} {[%emt 00:00:09]}
0-1

[Event "DVM U16w 2024"]
[Site "Neumünster GER"]
[Date "2024.12.27"]
[Round "2"]
[White "Brewig, Bea Josephine"]
[Black "Brauer, Celiene"]
[Result "0-1"]
[Termination "normal"]
[Board "3.3"]
[WhiteElo "1545"]
[BlackElo "1611"]
[WhiteClock "00:03:44"]
[BlackClock "00:16:12"]
[WhiteTeam "Chemnitzer SC Aufbau95"]
[BlackTeam "Meuselwitzer SV"]
[PlyCount "73"]
[WhiteFideId "16249313"]
[BlackFideId "34663622"]
[EventCountry "GER"]
[EventRounds "7"]
[EventType "team-swiss"]
[EventDate "2024.12.26"]

1. e4 {[%clk 01:30:52]} {[%emt 00:00:07]} c5 {[%clk 01:30:53]} {[%emt
00:00:07]} 2. Nf3 {[%clk 01:31:08]} {[%emt 00:00:15]} d6 {[%clk 01:31:15]}
{[%emt 00:00:07]} 3. d4 {[%clk 01:31:24]} {[%emt 00:00:14]} cxd4 {[%clk
01:31:39]} {[%emt 00:00:06]} 4. Nxd4 {[%clk 01:31:46]} {[%emt 00:00:08]} Nf6
{[%clk 01:32:02]} {[%emt 00:00:07]} 5. Nc3 {[%clk 01:32:12]} {[%emt 00:00:05]}
g6 {[%clk 01:32:27]} {[%emt 00:00:04]} 6. f3 {[%clk 01:30:11]} {[%emt
00:02:32]} Bg7 {[%clk 01:32:48]} {[%emt 00:00:09]} 7. Be3 {[%clk 01:30:20]}
{[%emt 00:00:21]} O-O {[%clk 01:33:03]} {[%emt 00:00:14]} 8. Qd2 {[%clk
01:27:36]} {[%emt 00:03:14]} Nc6 {[%clk 01:29:53]} {[%emt 00:03:39]} 9. O-O-O
{[%clk 01:26:09]} {[%emt 00:01:58]} Bd7 {[%clk 01:29:18]} {[%emt 00:01:04]} 10.
h4 {[%clk 01:24:13]} {[%emt 00:02:26]} h5 {[%clk 01:26:31]} {[%emt 00:03:17]}
11. g4 {[%clk 01:10:16]} {[%emt 00:14:28]} hxg4 {[%clk 01:24:20]} {[%emt
00:02:40]} 12. h5 {[%clk 01:10:13]} {[%emt 00:00:34]} Nxh5 {[%clk 01:23:39]}
{[%emt 00:01:11]} 13. fxg4 {[%clk 01:08:07]} {[%emt 00:02:36]} Bxg4 {[%clk
01:22:01]} {[%emt 00:02:07]} 14. Be2 {[%clk 01:06:40]} {[%emt 00:01:58]} Bxe2
{[%clk 01:20:44]} {[%emt 00:01:47]} 15. Ndxe2 {[%clk 01:03:36]} {[%emt
00:03:34]} Ne5 {[%clk 01:17:07]} {[%emt 00:04:05]} 16. Bf4 {[%clk 00:29:35]}
{[%emt 00:34:32]} Nc4 {[%clk 01:05:56]} {[%emt 00:11:40]} 17. Qd3 {[%clk
00:26:33]} {[%emt 00:03:33]} Ne5 {[%clk 00:48:50]} {[%emt 00:17:35]} 18. Qh3
{[%clk 00:25:19]} {[%emt 00:01:45]} Kh7 {[%clk 00:42:44]} {[%emt 00:06:35]} 19.
Bxe5 {[%clk 00:16:36]} {[%emt 00:09:15]} Bxe5 {[%clk 00:41:28]} {[%emt
00:01:45]} 20. Rdg1 {[%clk 00:16:49]} {[%emt 00:00:16]} Bg7 {[%clk 00:39:12]}
{[%emt 00:02:45]} 21. Nf4 {[%clk 00:15:29]} {[%emt 00:01:51]} Bh6 {[%clk
00:36:28]} {[%emt 00:03:13]} 22. Nce2 {[%clk 00:11:15]} {[%emt 00:04:46]} e5
{[%clk 00:35:23]} {[%emt 00:01:35]} 23. Qg4 {[%clk 00:08:16]} {[%emt 00:03:30]}
Qf6 {[%clk 00:31:06]} {[%emt 00:04:44]} 24. Kb1 {[%clk 00:04:40]} {[%emt
00:04:08]} exf4 {[%clk 00:29:52]} {[%emt 00:01:44]} 25. Nxf4 {[%clk 00:04:50]}
{[%emt 00:00:20]} Qxf4 {[%clk 00:29:11]} {[%emt 00:01:09]} 26. Qe2 {[%clk
00:04:10]} {[%emt 00:01:12]} Rae8 {[%clk 00:28:06]} {[%emt 00:01:35]} 27. Rg4
{[%clk 00:04:06]} {[%emt 00:00:34]} Qd2 {[%clk 00:25:42]} {[%emt 00:02:53]} 28.
Qc4 {[%clk 00:03:17]} {[%emt 00:01:20]} Re7 {[%clk 00:21:10]} {[%emt 00:05:01]}
29. Rf1 {[%clk 00:02:24]} {[%emt 00:01:23]} Nf6 {[%clk 00:18:22]} {[%emt
00:03:18]} 30. Rgg1 {[%clk 00:02:37]} {[%emt 00:00:19]} Rxe4 {[%clk 00:17:37]}
{[%emt 00:01:14]} 31. Qd3 {[%clk 00:02:38]} {[%emt 00:00:28]} Qxd3 {[%clk
00:17:22]} {[%emt 00:00:45]} 32. cxd3 {[%clk 00:03:03]} {[%emt 00:00:06]} Re6
{[%clk 00:17:35]} {[%emt 00:00:17]} 33. Rf3 {[%clk 00:03:14]} {[%emt 00:00:19]}
Kg7 {[%clk 00:16:31]} {[%emt 00:01:34]} 34. d4 {[%clk 00:03:15]} {[%emt
00:00:30]} Ne4 {[%clk 00:16:08]} {[%emt 00:00:52]} 35. d5 {[%clk 00:03:08]}
{[%emt 00:00:37]} Nd2+ {[%clk 00:15:53]} {[%emt 00:00:45]} 36. Kc2 {[%clk
00:03:32]} {[%emt 00:00:06]} Nxf3 {[%clk 00:16:12]} {[%emt 00:00:11]} 37. dxe6
{[%clk 00:03:44]} {[%emt 00:00:19]} 0-1

[Event "DVM U16w 2024"]
[Site "Neumünster GER"]
[Date "2024.12.27"]
[Round "2"]
[White "Sniegowski, Victoria"]
[Black "Ziegler, Annabel"]
[Result "0-1"]
[Termination "normal"]
[Board "3.4"]
[WhiteElo "1536"]
[BlackElo "1346"]
[WhiteClock "00:53:14"]
[BlackClock "00:15:33"]
[WhiteTeam "Meuselwitzer SV"]
[BlackTeam "Chemnitzer SC Aufbau95"]
[PlyCount "98"]
[WhiteFideId "34675612"]
[BlackFideId "16281683"]
[EventCountry "GER"]
[EventRounds "7"]
[EventType "team-swiss"]
[EventDate "2024.12.26"]

1. e4 {[%clk 01:30:30]} {[%emt 00:34:25]} e5 {[%clk 01:30:30]} {[%emt
00:00:05]} 2. Nf3 {[%clk 01:30:30]} {[%emt 00:00:07]} Nc6 {[%clk 01:30:47]}
{[%emt 00:00:37]} 3. d4 {[%clk 01:30:49]} {[%emt 00:00:11]} exd4 {[%clk
01:30:41]} {[%emt 00:00:37]} 4. Nxd4 {[%clk 01:31:04]} {[%emt 00:00:15]} Nf6
{[%clk 01:23:29]} {[%emt 00:07:42]} 5. Nxc6 {[%clk 01:31:15]} {[%emt 00:00:18]}
bxc6 {[%clk 01:23:28]} {[%emt 00:00:32]} 6. Bd3 {[%clk 01:31:35]} {[%emt
00:00:10]} d5 {[%clk 01:21:01]} {[%emt 00:02:57]} 7. exd5 {[%clk 01:31:55]}
{[%emt 00:00:10]} cxd5 {[%emt 00:01:42]} 8. O-O {[%clk 01:31:47]} {[%emt
00:00:30]} Bd6 {[%clk 01:18:13]} {[%emt 00:02:14]} 9. Nc3 {[%clk 01:31:20]}
{[%emt 00:00:57]} c6 {[%clk 01:17:47]} {[%emt 00:00:56]} 10. Qe2+ {[%clk
01:28:50]} {[%emt 00:02:55]} Qe7 {[%clk 01:16:07]} {[%emt 00:02:16]} 11. Qxe7+
{[%clk 01:29:03]} {[%emt 00:00:16]} Bxe7 {[%clk 01:16:32]} {[%emt 00:00:05]}
12. Bf4 {[%clk 01:29:18]} {[%emt 00:00:15]} O-O {[%clk 01:16:38]} {[%emt
00:00:24]} 13. Rfe1 {[%clk 01:29:07]} {[%emt 00:00:40]} Bc5 {[%emt 00:02:09]}
14. Re2 {[%clk 01:26:43]} {[%emt 00:02:49]} Bg4 {[%clk 01:07:57]} {[%emt
00:07:37]} 15. Rd2 {[%clk 01:25:34]} {[%emt 00:01:39]} Nh5 {[%clk 01:07:14]}
{[%emt 00:01:14]} 16. h3 {[%clk 01:22:13]} {[%emt 00:03:51]} Bxh3 {[%clk
00:59:54]} {[%emt 00:07:50]} 17. Ne2 {[%clk 01:17:54]} {[%emt 00:04:48]} Nxf4
{[%clk 00:58:38]} {[%emt 00:01:47]} 18. Nxf4 {[%clk 01:18:07]} {[%emt
00:00:16]} Bg4 {[%clk 00:58:19]} {[%emt 00:00:50]} 19. Ba6 {[%clk 01:14:51]}
{[%emt 00:03:44]} Rab8 {[%clk 00:57:33]} {[%emt 00:01:17]} 20. c3 {[%clk
01:14:55]} {[%emt 00:00:26]} Bd6 {[%clk 00:56:40]} {[%emt 00:01:23]} 21. Ne2
{[%clk 01:14:10]} {[%emt 00:01:15]} Rfe8 {[%clk 00:47:58]} {[%emt 00:09:13]}
22. Nd4 {[%clk 01:13:27]} {[%emt 00:01:12]} Rb6 {[%clk 00:47:28]} {[%emt
00:01:01]} 23. Bd3 {[%clk 01:11:25]} {[%emt 00:02:18]} Bf4 {[%clk 00:44:52]}
{[%emt 00:03:19]} 24. Rc2 {[%clk 01:11:04]} {[%emt 00:00:52]} c5 {[%clk
00:43:43]} {[%emt 00:01:39]} 25. Ne2 {[%clk 01:10:21]} {[%emt 00:01:11]} Bg5
{[%clk 00:39:35]} {[%emt 00:04:39]} 26. Ng3 {[%clk 01:08:35]} {[%emt 00:02:15]}
c4 {[%clk 00:36:01]} {[%emt 00:04:05]} 27. Bf5 {[%clk 01:08:30]} {[%emt
00:00:35]} Bxf5 {[%clk 00:35:40]} {[%emt 00:00:52]} 28. Nxf5 {[%clk 01:08:46]}
{[%emt 00:00:13]} Rf6 {[%clk 00:34:14]} {[%emt 00:01:56]} 29. Nd4 {[%clk
01:08:32]} {[%emt 00:00:43]} a6 {[%clk 00:32:45]} {[%emt 00:02:01]} 30. Rd1
{[%clk 01:06:10]} {[%emt 00:02:49]} Rd8 {[%clk 00:21:44]} {[%emt 00:11:34]} 31.
Re2 {[%clk 01:03:21]} {[%emt 00:03:18]} h5 {[%clk 00:18:42]} {[%emt 00:03:33]}
32. Re5 {[%clk 01:01:31]} {[%emt 00:02:18]} Rg6 {[%clk 00:17:03]} {[%emt
00:02:10]} 33. Nf5 {[%clk 01:00:23]} {[%emt 00:01:38]} Rb8 {[%clk 00:12:31]}
{[%emt 00:05:03]} 34. Rb1 {[%clk 00:47:04]} {[%emt 00:13:48]} Rb5 {[%clk
00:10:06]} {[%emt 00:02:56]} 35. g3 {[%clk 00:41:29]} {[%emt 00:06:04]} Bf6
{[%clk 00:09:42]} {[%emt 00:00:55]} 36. Re8+ {[%clk 00:40:13]} {[%emt
00:01:45]} Kh7 {[%clk 00:09:58]} {[%emt 00:00:15]} 37. Ra8 {[%clk 00:37:17]}
{[%emt 00:03:24]} Bxc3 {[%clk 00:09:42]} {[%emt 00:00:47]} 38. b3 {[%clk
00:35:02]} {[%emt 00:02:44]} cxb3 {[%clk 00:06:08]} {[%emt 00:04:05]} 39. axb3
{[%clk 00:35:17]} {[%emt 00:00:15]} Rf6 {[%clk 00:05:19]} {[%emt 00:01:20]} 40.
Ne3 {[%clk 00:31:58]} {[%emt 00:03:48]} d4 {[%clk 00:05:19]} {[%emt 00:00:30]}
41. Nc4 {[%clk 00:32:01]} {[%emt 00:00:27]} d3 {[%clk 00:02:21]} {[%emt
00:03:29]} 42. Rd8 {[%clk 00:31:38]} {[%emt 00:00:52]} Rc6 {[%clk 00:24:35]}
{[%emt 00:08:16]} 43. Ne3 {[%clk 00:59:38]} {[%emt 00:02:30]} d2 {[%clk
00:24:03]} {[%emt 00:01:02]} 44. Kg2 {[%clk 00:59:05]} {[%emt 00:01:03]} Rcc5
{[%clk 00:20:52]} {[%emt 00:03:42]} 45. Rd6 {[%clk 00:57:57]} {[%emt 00:01:36]}
a5 {[%clk 00:20:53]} {[%emt 00:00:30]} 46. Ra6 {[%clk 00:57:38]} {[%emt
00:00:49]} Bd4 {[%clk 00:18:06]} {[%emt 00:03:17]} 47. Nf1 {[%clk 00:54:22]}
{[%emt 00:03:45]} Rc2 {[%clk 00:17:03]} {[%emt 00:01:35]} 48. Rd1 {[%clk
00:54:19]} {[%emt 00:00:31]} Bc3 {[%clk 00:16:44]} {[%emt 00:00:50]} 49. Kh3
{[%clk 00:53:14]} {[%emt 00:01:35]} Rc1 {[%clk 00:15:33]} {[%emt 00:01:42]} 0-1

[Event "DVM U16w 2024"]
[Site "Neumünster GER"]
[Date "2024.12.27"]
[Round "2"]
[White "Shynkar, Daria"]
[Black "Reich, Elisabeth"]
[Result "1/2-1/2"]
[Termination "normal"]
[Board "4.1"]
[WhiteElo "1685"]
[BlackElo "1861"]
[WhiteClock "00:13:48"]
[BlackClock "00:03:09"]
[WhiteTeam "SchachAkademiePaderborn"]
[BlackTeam "ATSV Oberkotzau"]
[PlyCount "90"]
[WhiteFideId "34163212"]
[BlackFideId "16239776"]
[EventCountry "GER"]
[EventRounds "7"]
[EventType "team-swiss"]
[EventDate "2024.12.26"]

1. d4 {[%clk 01:30:59]} f5 {[%clk 01:30:58]} {[%emt 00:00:03]} 2. g3 {[%clk
01:31:23]} {[%emt 00:00:06]} Nf6 {[%clk 01:31:20]} {[%emt 00:00:08]} 3. Bg2
{[%clk 01:31:49]} {[%emt 00:00:04]} e6 {[%clk 01:31:42]} {[%emt 00:00:08]} 4.
Nf3 {[%clk 01:32:12]} {[%emt 00:00:07]} d5 {[%clk 01:31:56]} {[%emt 00:00:16]}
5. c4 {[%clk 01:32:38]} {[%emt 00:00:04]} c6 {[%clk 01:32:18]} {[%emt
00:00:08]} 6. Bf4 {[%clk 01:33:03]} {[%emt 00:00:04]} Bd6 {[%clk 01:31:29]}
{[%emt 00:01:19]} 7. Bxd6 {[%clk 01:32:47]} {[%emt 00:00:47]} Qxd6 {[%clk
01:31:57]} {[%emt 00:00:01]} 8. O-O {[%clk 01:32:58]} {[%emt 00:00:19]} O-O
{[%clk 01:32:18]} {[%emt 00:00:10]} 9. Qc2 {[%clk 01:33:24]} {[%emt 00:00:04]}
Ne4 {[%clk 01:31:46]} {[%emt 00:01:01]} 10. Nc3 {[%clk 01:33:46]} {[%emt
00:00:08]} Nd7 {[%clk 01:30:49]} {[%emt 00:01:27]} 11. Rad1 {[%clk 01:33:56]}
{[%emt 00:00:17]} Nxc3 {[%clk 01:27:45]} {[%emt 00:03:37]} 12. Qxc3 {[%clk
01:33:26]} {[%emt 00:01:00]} Nf6 {[%clk 01:26:12]} {[%emt 00:02:04]} 13. Ne5
{[%clk 01:30:27]} {[%emt 00:03:28]} Bd7 {[%clk 01:23:17]} {[%emt 00:03:25]} 14.
f4 {[%clk 01:29:48]} {[%emt 00:01:08]} Be8 {[%clk 01:21:10]} {[%emt 00:02:37]}
15. cxd5 {[%clk 01:22:37]} {[%emt 00:07:42]} exd5 {[%clk 01:20:49]} {[%emt
00:00:51]} 16. b4 {[%clk 01:21:48]} {[%emt 00:01:19]} Bh5 {[%clk 01:18:53]}
{[%emt 00:02:26]} 17. Qb2 {[%clk 01:15:53]} {[%emt 00:06:26]} Ng4 {[%clk
01:16:28]} {[%emt 00:02:54]} 18. Rd3 {[%clk 01:13:48]} {[%emt 00:02:35]} Nxe5
{[%clk 01:09:50]} {[%emt 00:07:08]} 19. dxe5 {[%clk 01:13:42]} {[%emt
00:00:36]} Qe6 {[%clk 01:09:19]} {[%emt 00:00:54]} 20. b5 {[%clk 01:12:00]}
{[%emt 00:02:20]} Rfd8 {[%clk 01:03:50]} {[%emt 00:05:57]} 21. bxc6 {[%clk
01:11:26]} {[%emt 00:01:04]} bxc6 {[%clk 01:03:55]} {[%emt 00:00:26]} 22. Rc1
{[%clk 01:09:43]} {[%emt 00:02:13]} Rab8 {[%clk 01:00:51]} {[%emt 00:03:33]}
23. Qc2 {[%clk 01:09:23]} {[%emt 00:00:49]} Rb6 {[%clk 00:54:12]} {[%emt
00:07:10]} 24. Rc3 {[%clk 01:06:25]} {[%emt 00:03:29]} Be8 {[%clk 00:53:00]}
{[%emt 00:01:41]} 25. Rc5 {[%clk 01:05:00]} {[%emt 00:01:56]} Rdb8 {[%clk
00:46:59]} {[%emt 00:06:31]} 26. Qa4 {[%clk 01:03:00]} {[%emt 00:02:26]} Qe7
{[%clk 00:46:04]} {[%emt 00:01:28]} 27. R5c2 {[%clk 00:57:53]} {[%emt
00:05:32]} Rb1 {[%clk 00:40:14]} {[%emt 00:06:17]} 28. Qd4 {[%clk 00:53:24]}
{[%emt 00:05:05]} Qa3 {[%clk 00:33:13]} {[%emt 00:07:34]} 29. Rxb1 {[%clk
00:50:44]} {[%emt 00:03:10]} Rxb1+ {[%clk 00:33:41]} {[%emt 00:00:02]} 30. Kf2
{[%clk 00:51:12]} {[%emt 00:00:02]} Qa5 {[%clk 00:32:28]} {[%emt 00:01:33]} 31.
Qc3 {[%clk 00:49:39]} {[%emt 00:02:06]} Qb6+ {[%clk 00:25:50]} {[%emt
00:07:12]} 32. Qc5 {[%clk 00:49:23]} {[%emt 00:00:49]} Kf7 {[%clk 00:24:41]}
{[%emt 00:01:36]} 33. Bf3 {[%clk 00:42:15]} {[%emt 00:07:36]} Bd7 {[%clk
00:17:37]} {[%emt 00:07:37]} 34. Kg2 {[%clk 00:39:26]} {[%emt 00:03:17]} Qb8
{[%clk 00:11:42]} {[%emt 00:06:29]} 35. Rd2 {[%clk 00:32:19]} {[%emt 00:07:29]}
Rb5 {[%clk 00:11:44]} {[%emt 00:00:33]} 36. Qc3 {[%clk 00:28:00]} {[%emt
00:04:48]} Qb6 {[%clk 00:10:53]} {[%emt 00:01:22]} 37. e3 {[%clk 00:22:56]}
{[%emt 00:05:35]} Rc5 {[%clk 00:08:42]} {[%emt 00:02:41]} 38. Qb2 {[%clk
00:18:50]} {[%emt 00:04:35]} Rb5 {[%clk 00:07:39]} {[%emt 00:01:34]} 39. Qc3
{[%clk 00:18:56]} {[%emt 00:00:25]} Ke6 {[%clk 00:04:49]} {[%emt 00:03:20]} 40.
Qa3 {[%clk 00:17:53]} {[%emt 00:01:34]} Qc5 {[%clk 00:04:22]} {[%emt 00:00:56]}
41. Qxc5 {[%clk 00:17:59]} {[%emt 00:00:25]} Rxc5 {[%clk 00:04:51]} {[%emt
00:00:01]} 42. Rb2 {[%clk 00:18:04]} {[%emt 00:00:23]} Rc3 {[%clk 00:04:13]}
{[%emt 00:01:06]} 43. Kf2 {[%clk 00:18:23]} {[%emt 00:00:15]} Ra3 {[%clk
00:04:39]} {[%emt 00:00:04]} 44. Rd2 {[%clk 00:17:32]} {[%emt 00:01:16]} g6
{[%clk 00:03:49]} {[%emt 00:01:25]} 45. Ke2 {[%clk 00:13:48]} {[%emt 00:04:13]}
Rc3 {[%clk 00:03:09]} {[%emt 00:01:10]} 1/2-1/2